Carpeta informativa dirección de educación media (Record no. 8541)
[ view plain ]
| 000 -LEADER | |
|---|---|
| campo de control de longitud fija | 00398nam a2200133Ia 4500 |
| 001 - NÚMERO DE CONTROL | |
| campo de control | 971 |
| 008 - DATOS DE LONGITUD FIJA--INFORMACIÓN GENERAL | |
| campo de control de longitud fija | 241024s9999 xx 000 0 und d |
| 082 ## - NÚMERO DE LA CLASIFICACIÓN DECIMAL DEWEY | |
| Número de clasificación | RD/373.97293/R426c/2008 |
| 100 ## - ENTRADA PRINCIPAL--NOMBRE DE PERSONA | |
| Nombre de persona | República Dominicana.Secretaria de Estado de Educación |
| 245 #0 - MENCIÓN DEL TÍTULO | |
| Título | Carpeta informativa dirección de educación media |
| 260 ## - PUBLICACIÓN, DISTRIBUCIÓN, ETC. | |
| Nombre del editor, distribuidor, etc. | Santo Domingo |
| Fecha de publicación, distribución, etc. | 2008 |
| 901 ## - ELEMENTOS DE DATOS A LOCAL LDA (RLIN) | |
| a | 21/12/2010 9:07:56 a.m. |
No items available.